[Event "XXI Memorial Edoardo Crespi FIDE"]
[Site "Milano ITA"]
[Date "2000.12.04"]
[Round "1"]
[White "Astengo, Corrado"]
[Black "Cavatorta, Fosco"]
[Result "1-0"]
[WhiteElo "2150"]
[BlackElo "2014"]
[PlyCount "77"]
[EventDate "2000.12.04"]

1.e4 Nc6 2.Nf3 d6 3.Bc4 Bg4 4.Bxf7+ Kxf7 5.Ng5+ Ke8 6.Qxg4 Nf6 7.Qe6 Qd7 
8.Qf7+ Kd8 9.Ne6+ Kc8 10.Nxf8 Qd8 11.Ne6 Qd7 12.d4 b6 13.O-O Kb7 14.Nc3 a6
15.Bg5 h6 16.Bxf6 gxf6 17.Nd5 Rac8 18.Nxf6 Nd8 19.Nxd8+ Qxd8 20.Nd5 Re8 
21.Rad1 e6 22.Ne3 Qh4 23.e5 Re7 24.Qf6 Qxf6 25.exf6 Rf7 26.Rd3 Rxf6 27.Re1
h5 28.Nf1 Rcf8 29.Re2 Kc8 30.Rg3 Rf4 31.c3 e5 32.dxe5 dxe5 33.Rg5 R8f5 34.
Rxf5 Rxf5 35.Ng3 Rg5 36.h4 Rg4 37.Rxe5 Rxh4 38.Nxh5 Ra4 39.a3 1-0

[Event "XXI Memorial Edoardo Crespi FIDE"]
[Site "Milano ITA"]
[Date "2000.12.04"]
[Round "1"]
[White "Bertazzo, Giorgio"]
[Black "Colombo, Alberto"]
[Result "1-0"]
[WhiteElo "2067"]
[BlackElo "2165"]
[PlyCount "47"]
[EventDate "2000.12.04"]

1.e4 e6 2.d4 d5 3.Nc3 Nf6 4.Bg5 Be7 5.e5 Nfd7 6.Bxe7 Qxe7 7.f4 c5 8.Nf3 
Nc6 9.Qd2 a6 10.O-O-O b5 11.dxc5 Qxc5 12.Bd3 Nb6 13.Rhe1 Bd7 14.g4 Na5 15.
Nxd5 Nxd5 16.Qxa5 Nxf4 17.Be4 Ra7 18.Rd6 Ng2 19.Red1 Ne3 20.Rc6 Qe7 21.Qb6
Nxd1 22.Qxa7 O-O 23.Rd6 Rd8 24.Rxd1 1-0

[Event "XXI Memorial Edoardo Crespi FIDE"]
[Site "Milano ITA"]
[Date "2000.12.04"]
[Round "1"]
[White "Drazic, Sinisa"]
[Black "Perissinotto, Claudio"]
[Result "1-0"]
[WhiteElo "2508"]
[BlackElo "2130"]
[PlyCount "39"]
[EventDate "2000.12.04"]

1.c4 e6 2.Nf3 d5 3.b3 Nf6 4.Bb2 Be7 5.g3 O-O 6.Bg2 c6 7.O-O Nbd7 8.d3 Qc7 
9.Nc3 Nb6 10.Qc2 a6 11.Rac1 Re8 12.Rfd1 Bd7 13.e4 dxe4 14.dxe4 e5 15.Nxe5 
Qxe5 16.Nd5 Qh5 17.Nxb6 Bg4 18.Nxa8 Bxd1 19.Qxd1 Rxa8 20.e5 1-0

[Event "XXI Memorial Edoardo Crespi FIDE"]
[Site "Milano ITA"]
[Date "2000.12.04"]
[Round "1"]
[White "Galli, Fabio"]
[Black "Qendro, Llambi"]
[Result "0-1"]
[WhiteElo "2107"]
[BlackElo "2357"]
[PlyCount "74"]
[EventDate "2000.12.04"]

1.e4 g6 2.d4 Bg7 3.c3 d6 4.Bg5 Nf6 5.Bd3 e5 6.f4 h6 7.Bxf6 Qxf6 8.fxe5 
dxe5 9.Nf3 exd4 10.Qa4+ Nc6 11.Nxd4 Bd7 12.Nxc6 Bxc6 13.Bb5 Bxb5 14.Qxb5+ 
c6 15.Qe2 O-O 16.Nd2 Rfe8 17.O-O-O b5 18.Rhf1 Qe6 19.Kb1 a5 20.Rf3 a4 21.
a3 Rab8 22.Qf2 Rb7 23.Re3 c5 24.e5 b4 25.cxb4 cxb4 26.Nf3 bxa3 27.Rxa3 
Reb8 28.Rd2 Qc4 29.Rc2 Qe4 30.Ka1 Rb3 31.Qe2 Qb4 32.Ra2 a3 33.Kb1 Qb6 34.
Qf2 Qb4 35.Qd2 Qe4 36.Qd4 Rxb2+ 37.Rxb2 Rxb2+ 0-1

[Event "XXI Memorial Edoardo Crespi FIDE"]
[Site "Milano ITA"]
[Date "2000.12.04"]
[Round "1"]
[White "Gravagna, Pierre"]
[Black "Facchetti, Gianni"]
[Result "0-1"]
[WhiteElo "2028"]
[BlackElo "2154"]
[PlyCount "81"]
[EventDate "2000.12.04"]

1.d4 Nf6 2.Nf3 d6 3.c4 Nbd7 4.Nc3 e5 5.e4 Be7 6.Be2 c6 7.h3 Qc7 8.Be3 Nf8 
9.O-O Ng6 10.Qd2 a5 11.b3 O-O 12.Rfd1 Bd7 13.Rac1 Rad8 14.g4 Bc8 15.Kg2 
Rfe8 16.d5 c5 17.g5 Nd7 18.Nb5 Qb6 19.h4 Rf8 20.h5 Nh8 21.Qe1 Rde8 22.Bd2 
Qd8 23.Bxa5 b6 24.Bd2 f6 25.h6 fxg5 26.hxg7 Kxg7 27.Nh2 Nf6 28.Bxg5 Nxe4 
29.Bxe7 Qxe7 30.Bf3 Ng5 31.Bh5 Ng6 32.Rc3 Nf4+ 33.Kh1 Nxh5 34.Qg1 Kh8 35.
Nxd6 Qxd6 36.Qxg5 Rf5 37.Qh4 Nf4 38.Re3 Rg8 39.Rg3 Rxg3 40.Qxg3 Rf6 41.Rg1
0-1

[Event "XXI Memorial Edoardo Crespi FIDE"]
[Site "Milano ITA"]
[Date "2000.12.04"]
[Round "1"]
[White "Raineri, Valerio"]
[Black "Cebalo, Miso"]
[Result "0-1"]
[WhiteElo "2136"]
[BlackElo "2520"]
[PlyCount "86"]
[EventDate "2000.12.04"]

1.e4 c5 2.Nf3 d6 3.d4 cxd4 4.Nxd4 Nf6 5.Nc3 g6 6.Be3 Bg7 7.f3 O-O 8.Qd2 
Nc6 9.Bc4 Bd7 10.O-O-O Ne5 11.Bb3 Qa5 12.h4 Rfc8 13.g4 b5 14.Bh6 Bxh6 15.
Qxh6 Rxc3 16.bxc3 Qxc3 17.Kb1 a5 18.Qd2 Qc5 19.g5 Nh5 20.f4 Nc4 21.Bxc4 
bxc4 22.c3 Ba4 23.Rc1 e5 24.Ne2 Bc6 25.Ka1 Bxe4 26.Rhe1 Bd3 27.fxe5 dxe5 
28.Ng1 e4 29.Nh3 Re8 30.Qe3 Qf5 31.Nf2 Nf4 32.Rg1 Nd5 33.Qd4 Qe5 34.Qc5 f5
35.gxf6 Nxf6 36.Qe3 Nd5 37.Qc5 Nf4 38.Qe3 Rf8 39.Rg5 Qg7 40.Rxa5 Ng2 41.
Qc5 e3 42.Ng4 e2 43.Ra7 Qxc3+ 0-1

[Event "XXI Memorial Edoardo Crespi FIDE"]
[Site "Milano ITA"]
[Date "2000.12.04"]
[Round "1"]
[White "Ricci, Marco"]
[Black "Tencati, Giuseppe"]
[Result "1-0"]
[WhiteElo "2155"]
[BlackElo "2061"]
[PlyCount "70"]
[EventDate "2000.12.04"]

1.e4 e6 2.d4 d5 3.Nd2 Nf6 4.e5 Nfd7 5.Bd3 c5 6.c3 Nc6 7.Ne2 cxd4 8.cxd4 
Qb6 9.Nf3 f6 10.exf6 Nxf6 11.O-O Bd6 12.Nc3 O-O 13.Na4 Qc7 14.Bg5 Bd7 15.
Rc1 Be8 16.Nc5 Bxc5 17.Rxc5 Bh5 18.Bxf6 Rxf6 19.Be2 Qf4 20.Qc1 Bxf3 21.
Bxf3 Qxd4 22.Rd1 Qh4 23.g3 Qa4 24.Bg2 Raf8 25.f4 Nd4 26.Kh1 Nf5 27.a3 Ne3 
28.Rc7 Nf5 29.Rc8 Qd7 30.Rc7 Qb5 31.Qc3 Qb6 32.Bh3 d4 33.Qc5 Qxb2 34.Bxf5 
Rxf5 35.Qe7 d3 $139 1-0

[Event "XXI Memorial Edoardo Crespi FIDE"]
[Site "Milano ITA"]
[Date "2000.12.04"]
[Round "1"]
[White "Sveshnikov, Evgeny E."]
[Black "Brovelli, Claudio"]
[Result "1-0"]
[WhiteElo "2568"]
[BlackElo "2150"]
[PlyCount "27"]
[EventDate "2000.12.04"]

1.e4 e6 2.d4 d5 3.e5 c5 4.c3 Nc6 5.Nf3 Bd7 6.Be2 Nge7 7.Na3 cxd4 8.cxd4 
Nf5 9.Nc2 Be7 10.Bd3 Rc8 11.O-O Qb6 12.g4 Nh4 13.Nxh4 Bxh4 14.g5 1-0

[Event "XXI Memorial Edoardo Crespi FIDE"]
[Site "Milano ITA"]
[Date "2000.12.04"]
[Round "1"]
[White "Zanellato, Lorenzo"]
[Black "Foisor, Ovidiu-Doru"]
[Result "0-1"]
[WhiteElo "2112"]
[BlackElo "2404"]
[PlyCount "88"]
[EventDate "2000.12.04"]

1.d4 Nf6 2.c4 e6 3.Nc3 Bb4 4.Qc2 c5 5.dxc5 Bxc5 6.Nf3 Qb6 7.e3 Qc7 8.Bd3 
b6 9.b3 Bb7 10.Bb2 Be7 11.Nb5 Qc6 12.O-O-O a6 13.Nbd4 Qc7 14.e4 d6 15.g4 
Nbd7 16.g5 Nh5 17.Ne2 Ne5 18.Nxe5 Bxg5+ 19.Kb1 dxe5 20.h4 Be7 21.Qc3 f6 
22.Bc2 g6 23.Ng3 Nf4 24.Qf3 Kf7 25.Ne2 Nh5 26.Ng3 Nf4 27.Ne2 Nxe2 28.Qxe2 
Rad8 29.h5 Rxd1+ 30.Rxd1 g5 31.h6 Rd8 32.Qh5+ Kf8 33.Qg4 Rxd1+ 34.Qxd1 Qd6
35.Qg4 Qd7 36.Bc1 Bc5 37.Qf3 Ke7 38.Qg3 Kf7 39.Bxg5 fxg5 40.Qxg5 Bf8 41.
Qh5+ Ke7 42.Qg5+ Kd6 43.b4 Kc7 44.Qxe5+ Qd6 0-1

[Event "XXI Memorial Edoardo Crespi FIDE"]
[Site "Milano ITA"]
[Date "2000.12.04"]
[Round "1"]
[White "Zinani, Alessandro"]
[Black "Mariano, Elia"]
[Result "1-0"]
[WhiteElo "2201"]
[BlackElo "2093"]
[PlyCount "107"]
[EventDate "2000.12.04"]

1.d4 d5 2.Nf3 Nf6 3.Bg5 Bf5 4.c3 c6 5.Nbd2 Nbd7 6.e3 e6 7.Be2 Bd6 8.Nh4 
Qc7 9.Nxf5 exf5 10.Bh4 O-O 11.Bg3 f4 12.exf4 Bxf4 13.O-O Rae8 14.Bxf4 Qxf4
15.g3 Qf5 16.Nf3 Re6 17.Bd3 Ne4 18.Nh4 Qh3 19.f3 Nd6 20.Rf2 Rh6 21.Qf1 
Qxf1+ 22.Rfxf1 Re6 23.Rfe1 Rfe8 24.Kf2 g6 25.Ng2 Rxe1 26.Rxe1 Rxe1 27.Kxe1
Kf8 28.Kd2 Ke7 29.b3 b5 30.Ne3 Nf8 31.Bf1 Ne6 32.Kd3 Ng7 33.Bh3 Ne6 34.Ng4
f6 35.Ne3 Ng5 36.Bg2 h5 37.c4 bxc4+ 38.bxc4 dxc4+ 39.Nxc4 Nxc4 40.Kxc4 Kd6
41.f4 Ne6 42.d5 cxd5+ 43.Bxd5 Ng7 44.Bf7 g5 45.fxg5 fxg5 46.Kb5 h4 47.gxh4
gxh4 48.Ka6 Nf5 49.Kxa7 Ne3 50.Kb6 Ng4 51.a4 Nxh2 52.a5 Nf3 53.a6 h3 54.
Bh5 1-0

[Event "XXI Memorial Edoardo Crespi FIDE"]
[Site "Milano ITA"]
[Date "2000.12.05"]
[Round "2"]
[White "Barlocco, Carlo"]
[Black "Drazic, Sinisa"]
[Result "0-1"]
[WhiteElo "2179"]
[BlackElo "2508"]
[PlyCount "76"]
[EventDate "2000.12.04"]

1.c4 a6 2.Nc3 e6 3.a3 d5 4.e3 d4 5.exd4 Nf6 6.Nf3 Nc6 7.d3 Nxd4 8.Nxd4 
Qxd4 9.Be3 Qg4 10.h3 Qxd1+ 11.Rxd1 b6 12.Be2 Bb7 13.O-O O-O-O 14.d4 Be7 
15.Rfe1 Ne4 16.Nxe4 Bxe4 17.Bf1 Rhe8 18.Rd2 Bc6 19.g4 Kb7 20.Bg2 Bxg2 21.
Kxg2 b5 22.cxb5 axb5 23.Bf4 Bd6 24.Bxd6 Rxd6 25.Kf3 Red8 26.Ke3 b4 27.a4 
Rc6 28.Red1 Rd5 29.Rd3 Kb6 30.f4 h5 31.R1d2 Ka5 32.b3 g6 33.g5 h4 34.Kf3 
Rc1 35.Kg4 Rg1+ 36.Kxh4 Rf5 37.Rf3 f6 38.Rdf2 Rxf4+ 0-1

[Event "XXI Memorial Edoardo Crespi FIDE"]
[Site "Milano ITA"]
[Date "2000.12.05"]
[Round "2"]
[White "Brovelli, Claudio"]
[Black "Rossi, Giampiero"]
[Result "1-0"]
[WhiteElo "2150"]
[BlackElo "2101"]
[PlyCount "79"]
[EventDate "2000.12.04"]

1.d4 d5 2.c4 e6 3.Nc3 c6 4.cxd5 exd5 5.Bf4 Bf5 6.e3 Nf6 7.Be2 Qb6 8.Qb3 
Nbd7 9.h3 Be7 10.Qxb6 axb6 11.g4 Bg6 12.h4 h6 13.Rc1 b5 14.a3 b4 15.axb4 
Bxb4 16.Kf1 O-O 17.g5 hxg5 18.hxg5 Ne8 19.Nf3 Bd6 20.Nh4 Bh7 21.g6 Bxg6 
22.Nxg6 fxg6 23.Bg4 Rxf4 24.exf4 Ndf6 25.Be6+ Kf8 26.Re1 Ke7 27.Rh8 Bxf4 
28.Bxd5+ Kd6 29.Bf7 Nc7 30.Rxa8 Nxa8 31.Bxg6 Nc7 32.Bf5 b6 33.Ke2 Bh6 34.
Kd3 b5 35.f3 Ncd5 36.Ne4+ Kc7 37.Nxf6 Nxf6 38.Re7+ Kd6 39.Ra7 c5 40.Ra6+ 
1-0

[Event "XXI Memorial Edoardo Crespi FIDE"]
[Site "Milano ITA"]
[Date "2000.12.05"]
[Round "2"]
[White "Cavatorta, Fosco"]
[Black "Galli, Fabio"]
[Result "0-1"]
[WhiteElo "2014"]
[BlackElo "2107"]
[PlyCount "80"]
[EventDate "2000.12.04"]

1.Nf3 c5 2.g3 Nf6 3.Bg2 Nc6 4.d3 d5 5.Nbd2 Bg4 6.h3 Bh5 7.O-O e6 8.c3 Bd6 
9.e4 d4 10.Re1 Bc7 11.cxd4 Nxd4 12.g4 Bg6 13.Nxd4 cxd4 14.Nb3 e5 15.f4 
exf4 16.Qf3 Nd7 17.Bxf4 Ne5 18.Bxe5 Bxe5 19.Rac1 O-O 20.Qf2 Qd6 21.Re2 Bf4
22.e5 Bxe5 23.Bxb7 Rad8 24.Qf3 Bf4 25.Rd1 Be3+ 26.Kg2 f5 27.Qc6 Qb8 28.Nc5
Rf6 29.Qf3 fxg4 30.Qxg4 Rdf8 31.Bd5+ Kh8 32.Qg3 Rf2+ 33.Rxf2 Rxf2+ 34.Qxf2
Bxf2 35.Kxf2 Qxb2+ 36.Kg3 Qc2 37.Re1 Qxc5 38.Bc4 Qg5+ 39.Kf2 Qf4+ 40.Kg1 
Qg3+ 0-1

[Event "XXI Memorial Edoardo Crespi FIDE"]
[Site "Milano ITA"]
[Date "2000.12.05"]
[Round "2"]
[White "Cebalo, Miso"]
[Black "Zinani, Alessandro"]
[Result "1-0"]
[WhiteElo "2520"]
[BlackElo "2201"]
[PlyCount "59"]
[EventDate "2000.12.04"]

1.d4 d5 2.Nf3 Nf6 3.c4 dxc4 4.e3 e6 5.Bxc4 a6 6.Bb3 c5 7.O-O Nc6 8.Qe2 Qc7
9.Nc3 Be7 10.dxc5 Bxc5 11.e4 Ng4 12.e5 Ngxe5 13.Bf4 Nxf3+ 14.Qxf3 Bd6 15.
Bxd6 Qxd6 16.Rad1 Qc7 17.Rd2 O-O 18.Rfd1 Qa5 19.Ne4 Qe5 20.h4 h6 21.h5 Qf5
22.Qxf5 exf5 23.Nd6 Be6 24.Bxe6 fxe6 25.Nxb7 e5 26.Rc1 Rf6 27.Rd5 Nb4 28.
Rdc5 Re8 29.Nd6 Ree6 30.Rc8+ 1-0

[Event "XXI Memorial Edoardo Crespi FIDE"]
[Site "Milano ITA"]
[Date "2000.12.05"]
[Round "2"]
[White "Colombo, Alberto"]
[Black "Vinzoni, Andrea"]
[Result "1/2-1/2"]
[WhiteElo "2165"]
[BlackElo "2114"]
[PlyCount "98"]
[EventDate "2000.12.04"]

1.d4 Nf6 2.Nf3 d5 3.Bg5 e6 4.Nbd2 c5 5.e3 Be7 6.c3 Nbd7 7.Bd3 c4 8.Bc2 b5 
9.O-O O-O 10.Qe2 Qc7 11.Bxf6 Nxf6 12.Ne5 b4 13.e4 Bb7 14.exd5 bxc3 15.bxc3
Nxd5 16.Qg4 g6 17.Qg3 Bd6 18.Ne4 f6 19.Nxd6 Qxd6 20.Nxc4 Qxg3 21.hxg3 Nxc3
22.Rfe1 Bd5 23.Bb3 Rfd8 24.Rac1 Nb5 25.Na5 Nxd4 26.Bxd5 Rxd5 27.Nc6 Nxc6 
28.Rxc6 Rad8 29.Rexe6 Rd1+ 30.Kh2 R1d2 31.Rc7 Rxa2 32.Ree7 Rxf2 33.Rxa7 g5
34.Rg7+ Kh8 35.Rxh7+ Kg8 36.Rhe7 Rf1 37.Kh3 Rh1+ 38.Kg4 Rh6 39.Kf5 Rd5+ 
40.Ke4 Rd8 41.g4 Kh8 42.Rad7 Ra8 43.Rd5 Ra4+ 44.Kf3 Rf4+ 45.Ke3 Rg6 46.
Rd8+ Rg8 47.Rdd7 Ra8 48.Rh7+ Kg8 49.Rdg7+ Kf8 1/2-1/2

[Event "XXI Memorial Edoardo Crespi FIDE"]
[Site "Milano ITA"]
[Date "2000.12.05"]
[Round "2"]
[White "Facchetti, Gianni"]
[Black "Foisor, Cristina-Adela"]
[Result "0-1"]
[WhiteElo "2154"]
[BlackElo "2386"]
[PlyCount "96"]
[EventDate "2000.12.04"]

1.e4 d6 2.Nf3 Nf6 3.d3 g6 4.Be2 Bg7 5.Nbd2 c5 6.a4 Nc6 7.Nf1 O-O 8.Ng3 d5 
9.c3 h6 10.Qc2 e5 11.Bd2 Be6 12.h4 Bg4 13.Nh2 Bxe2 14.Nxe2 c4 15.Ng3 cxd3 
16.Qxd3 dxe4 17.Qxd8 Rfxd8 18.O-O-O Na5 19.Be3 b6 20.Kc2 Nc4 21.Rhe1 Rxd1 
22.Rxd1 Nxe3+ 23.fxe3 Bf8 24.h5 Be7 25.hxg6 fxg6 26.Nhf1 Kf7 27.Nd2 Ke6 
28.Ndxe4 Ng4 29.Nf1 Rf8 30.Ned2 Rf2 31.g3 h5 32.Kd3 Rg2 33.Re1 Nf2+ 34.Kc4
Nh1 35.Ne4 Rxb2 36.Nfd2 Nxg3 37.Rg1 Nxe4 38.Nxe4 h4 39.Rxg6+ Kf5 40.Rg7 
Bf8 41.Rf7+ Kxe4 42.Rxf8 h3 43.Rh8 h2 44.Rh3 a6 45.Rh5 Kxe3 46.Rxe5+ Kf3 
47.Rh5 Kg2 48.Rg5+ Kf1 0-1

[Event "XXI Memorial Edoardo Crespi FIDE"]
[Site "Milano ITA"]
[Date "2000.12.05"]
[Round "2"]
[White "Gori, Andrea"]
[Black "Sveshnikov, Evgeny E."]
[Result "0-1"]
[WhiteElo "2201"]
[BlackElo "2568"]
[PlyCount "114"]
[EventDate "2000.12.04"]

1.e4 c5 2.Nf3 Nc6 3.d4 cxd4 4.Nxd4 e5 5.Nb5 d6 6.N1c3 a6 7.Na3 b5 8.Nd5 
Nce7 9.c4 Nxd5 10.Qxd5 Be6 11.Qd3 Nf6 12.Bg5 bxc4 13.Nxc4 d5 14.exd5 Bb4+ 
15.Bd2 Nxd5 16.Be2 O-O 17.Bxb4 Nxb4 18.Qxd8 Rfxd8 19.O-O Nc2 20.Rac1 Nd4 
21.Bd1 Rac8 22.b3 Rc5 23.Re1 f6 24.Re3 Rdc8 25.Rec3 Kf8 26.Kf1 a5 27.Ke1 
a4 28.Kd2 Nb5 29.R3c2 Bf5 30.Rb2 a3 31.Rbc2 Rd8+ 32.Ke1 Bxc2 33.Bxc2 g6 
34.Ra1 Nd6 35.Nxa3 Ra8 36.Nc4 Nxc4 37.bxc4 Rxc4 38.Bb3 Re4+ 39.Kd2 Rc8 40.
h3 Ke7 41.Rb1 Rd8+ 42.Kc3 Rc8+ 43.Kd3 f5 44.f3 Rd8+ 45.Kc3 Rc8+ 46.Kd3 Rb4
47.Re1 Kf6 48.Rb1 Kg5 49.g3 e4+ 50.fxe4 Rxe4 51.Bd5 Rd8 52.Rb5 Re1 53.Kc4 
Rg1 54.g4 fxg4 55.Be6+ Kh4 56.hxg4 Rxg4+ 57.Kc5 Rg5+ 0-1

[Event "XXI Memorial Edoardo Crespi FIDE"]
[Site "Milano ITA"]
[Date "2000.12.05"]
[Round "2"]
[White "Perissinotto, Claudio"]
[Black "Orsi, Massimiliano"]
[Result "1-0"]
[WhiteElo "2130"]
[BlackElo "2100"]
[PlyCount "95"]
[EventDate "2000.12.04"]

1.e4 e5 2.Nf3 Nc6 3.Bb5 Nd4 4.Nxd4 exd4 5.c3 Qg5 6.Bf1 Bc5 7.cxd4 Bxd4 8.
Nc3 c6 9.Ne2 Bb6 10.d4 Ba5+ 11.Nc3 Qg6 12.Qf3 d6 13.Bd3 Bg4 14.Qg3 Ne7 15.
O-O O-O 16.Bf4 Bc7 17.Rac1 Rac8 18.d5 Bd7 19.dxc6 bxc6 20.Ba6 Rb8 21.b3 
Qxg3 22.Bxg3 f5 23.Nb5 f4 24.Nxc7 fxg3 25.Bc4+ d5 26.exd5 gxh2+ 27.Kxh2 
cxd5 28.Nxd5 Kf7 29.Nb6+ Ke8 30.Nxd7 Kxd7 31.Rcd1+ Kc6 32.Rfe1 Ng6 33.f3 
Rf5 34.Bd3 Ra5 35.Rd2 Rh5+ 36.Kg1 Ne5 37.Be4+ Kb6 38.Rc1 Rh6 39.Rd5 Re8 
40.Rcc5 Nc6 41.a4 a5 42.Rb5+ Kc7 43.Rdc5 Ra8 44.Bxc6 Rxc6 45.Rxa5 Rb8 46.
Ra7+ Kb6 47.Rxc6+ Kxc6 48.Rxg7 1-0

[Event "XXI Memorial Edoardo Crespi FIDE"]
[Site "Milano ITA"]
[Date "2000.12.05"]
[Round "2"]
[White "Qendro, Llambi"]
[Black "Bertazzo, Giorgio"]
[Result "1/2-1/2"]
[WhiteElo "2357"]
[BlackElo "2067"]
[PlyCount "35"]
[EventDate "2000.12.04"]

1.d4 d5 2.c4 c6 3.cxd5 cxd5 4.Nf3 Nf6 5.Nc3 Nc6 6.Bf4 a6 7.e3 e6 8.Bd3 Be7
9.O-O O-O 10.Rc1 Bd7 11.Ne5 Be8 12.Qe2 Nxe5 13.dxe5 Nd7 14.Bb1 f6 15.exf6 
Nxf6 16.Be5 Bd6 17.Bxd6 Qxd6 18.Rfd1 1/2-1/2

[Event "XXI Memorial Edoardo Crespi FIDE"]
[Site "Milano ITA"]
[Date "2000.12.05"]
[Round "2"]
[White "Ricci, Marco"]
[Black "Lanzani, Mario"]
[Result "0-1"]
[WhiteElo "2155"]
[BlackElo "2419"]
[PlyCount "62"]
[EventDate "2000.12.04"]

1.e4 c5 2.Nf3 Nc6 3.d4 cxd4 4.Nxd4 Qb6 5.Nb3 Nf6 6.Nc3 e6 7.Be3 Qc7 8.Bd3 
a6 9.O-O b5 10.a3 d6 11.f4 Bb7 12.Qe2 Be7 13.Kh1 h5 14.Rae1 h4 15.Rf3 g6 
16.h3 Nh5 17.Bf2 Bf6 18.e5 dxe5 19.fxe5 Bxe5 20.Nc5 O-O 21.Nxb7 Qxb7 22.
Bxh4 Qc7 23.Be4 Nd4 24.Qe3 Nxf3 25.Bxf3 Bf4 26.Qe2 Bg3 27.Bxa8 Bxh4 28.Ne4
Bxe1 29.Qxe1 Rxa8 30.g4 Qe5 31.gxh5 f5 0-1

[Event "XXI Memorial Edoardo Crespi FIDE"]
[Site "Milano ITA"]
[Date "2000.12.05"]
[Round "2"]
[White "Tencati, Giuseppe"]
[Black "Zanellato, Lorenzo"]
[Result "1-0"]
[WhiteElo "2061"]
[BlackElo "2112"]
[PlyCount "51"]
[EventDate "2000.12.04"]

1.d4 f5 2.g3 Nf6 3.Bg2 g6 4.c3 Bg7 5.Nd2 c6 6.Ngf3 d6 7.O-O O-O 8.Re1 Ne4 
9.Qb3+ Kh8 10.Nxe4 fxe4 11.Ng5 d5 12.f3 h6 13.Nh3 exf3 14.exf3 b5 15.Nf4 
Kh7 16.Bd2 Bf5 17.h4 Qd6 18.g4 Bd7 19.Nd3 Qg3 20.Rxe7 Rxf3 21.Be1 Rf1+ 22.
Kxf1 Qxd3+ 23.Kg1 Bxg4 24.Qa3 Nd7 25.Qd6 Qf5 26.Bg3 1-0

[Event "XXI Memorial Edoardo Crespi FIDE"]
[Site "Milano ITA"]
[Date "2000.12.06"]
[Round "3"]
[White "Astengo, Corrado"]
[Black "Tencati, Giuseppe"]
[Result "1/2-1/2"]
[WhiteElo "2150"]
[BlackElo "2061"]
[PlyCount "36"]
[EventDate "2000.12.04"]

1.e4 e6 2.d4 d5 3.Nd2 Nf6 4.e5 Nfd7 5.Bd3 c5 6.c3 Nc6 7.Ne2 cxd4 8.cxd4 
Qb6 9.Nf3 f6 10.exf6 Nxf6 11.O-O Bd6 12.b3 Bd7 13.Bf4 Bxf4 14.Nxf4 O-O 15.
Qd2 Kh8 16.Ne2 Be8 17.Nf4 Bd7 18.Ne2 Be8 1/2-1/2

[Event "XXI Memorial Edoardo Crespi FIDE"]
[Site "Milano ITA"]
[Date "2000.12.06"]
[Round "3"]
[White "Bozzali, Ermanno"]
[Black "Facchetti, Gianni"]
[Result "0-1"]
[WhiteElo "2085"]
[BlackElo "2154"]
[PlyCount "157"]
[EventDate "2000.12.04"]

1.d4 Nf6 2.c4 e5 3.dxe5 Ng4 4.e3 Nxe5 5.Nh3 Ng6 6.Be2 Nc6 7.O-O Bc5 8.Nc3 
d6 9.Nf4 Nxf4 10.exf4 O-O 11.a3 a5 12.Nd5 a4 13.Bd3 Nd4 14.Re1 Be6 15.Be3 
Bxd5 16.cxd5 Qf6 17.Bc2 b5 18.Qd3 Qg6 19.Bxd4 Qxd3 20.Bxd3 Bxd4 21.Re2 
Rab8 22.Rb1 b4 23.Re4 Bc5 24.axb4 Rxb4 25.Rxb4 Bxb4 26.Bb5 a3 27.bxa3 Bxa3
28.Bc6 Bc5 29.g4 g6 30.Kg2 Kg7 31.Kf3 f6 32.Re1 Kf7 33.Rb1 h5 34.gxh5 gxh5
35.h4 Rg8 36.Bd7 Ra8 37.Ke4 Bxf2 38.Kf5 Rh8 39.Rb2 Bxh4 40.Rb7 Kg7 41.Rxc7
Kh6 42.Be6 Bf2 43.Kxf6 h4 44.Bh3 Bg3 45.f5 Be5+ 46.Ke6 Kg5 47.Rc4 Rh6+ 48.
Kd7 Kf6 49.Rg4 Bg3 50.Rg8 Ke5 51.Kc6 Rf6 52.Re8+ Kf4 53.Re6 Kg5 54.Kd7 
Rxf5 55.Bxf5 Kxf5 56.Rh6 Kg4 57.Ke6 h3 58.Rg6+ Kf3 59.Kf5 h2 60.Rh6 Kg2 
61.Kg4 Be5 62.Rh3 h1=Q 63.Rxh1 Kxh1 64.Kf3 Kg1 65.Ke3 Kg2 66.Ke2 Kg3 67.
Ke3 Kg4 68.Ke4 Ba1 69.Ke3 Kf5 70.Kd3 Ke5 71.Kd2 Kxd5 72.Kd3 Bf6 73.Ke3 Kc4
74.Kd2 d5 75.Kc2 Bc3 76.Kc1 Kd3 77.Kd1 d4 78.Kc1 Ke2 79.Kc2 0-1

[Event "XXI Memorial Edoardo Crespi FIDE"]
[Site "Milano ITA"]
[Date "2000.12.06"]
[Round "3"]
[White "Cazzaniga, Walter"]
[Black "Cavatorta, Fosco"]
[Result "1-0"]
[WhiteElo "2170"]
[BlackElo "2014"]
[PlyCount "127"]
[EventDate "2000.12.04"]

1.d4 Nc6 2.Nf3 d5 3.Bf4 Bg4 4.Nbd2 e6 5.h3 Bh5 6.c3 Bd6 7.Bxd6 Qxd6 8.Qa4 
Ne7 9.e3 O-O 10.Bd3 e5 11.dxe5 Nxe5 12.Nxe5 Qxe5 13.O-O f5 14.Rfe1 a6 15.
Qh4 Bg6 16.Nf3 Qd6 17.Rad1 Rae8 18.Qf4 Nc8 19.Qh4 Qc5 20.c4 Nb6 21.cxd5 
Nxd5 22.Bc4 c6 23.b4 Qb6 24.a3 Re4 25.Bxd5+ cxd5 26.Qg3 f4 27.exf4 Rxe1+ 
28.Nxe1 d4 29.Qb3+ Bf7 30.Qd3 Re8 31.Nf3 Rd8 32.Ne5 Bh5 33.g4 Be8 34.Qc4+ 
Kf8 35.Rd3 Qb5 36.Qc7 Qd5 37.f3 Rd6 38.Kg2 Qa2+ 39.Kg3 Qd5 40.g5 h6 41.h4 
Re6 42.Qc5+ Rd6 43.Qc8 hxg5 44.hxg5 Rd8 45.Qh3 Qg8 46.Qf5+ Ke7 47.Qe4 Kf8 
48.Rxd4 Rxd4 49.Qxd4 Qe6 50.Qe4 Qb6 51.Kg2 Qe6 52.Qh7 Bf7 53.Qd3 Qa2+ 54.
Kg3 Qa1 55.Qd8+ Be8 56.Nd7+ Kf7 57.g6+ Kxg6 58.Qxe8+ Kh7 59.Nf8+ Kg8 60.
Ne6+ Kh7 61.Ng5+ Kh6 62.Qe6+ g6 63.Qh3+ Kg7 64.Qh7+ 1-0

[Event "XXI Memorial Edoardo Crespi FIDE"]
[Site "Milano ITA"]
[Date "2000.12.06"]
[Round "3"]
[White "Drazic, Sinisa"]
[Black "Bonanno, Alessandro"]
[Result "1-0"]
[WhiteElo "2508"]
[BlackElo "2072"]
[PlyCount "111"]
[EventDate "2000.12.04"]

1.d4 Nf6 2.c4 g6 3.Nc3 Bg7 4.Bg5 h6 5.Bh4 O-O 6.Nf3 d6 7.e3 c6 8.Be2 Bg4 
9.O-O Nbd7 10.h3 Bxf3 11.Bxf3 Qc7 12.Qd2 e5 13.d5 c5 14.Rab1 Rfe8 15.e4 
Kh7 16.a3 Ng8 17.Be2 f5 18.exf5 gxf5 19.Bh5 Rf8 20.Be7 Nxe7 21.b4 Ng6 22.
g3 e4 23.Ne2 cxb4 24.axb4 Nde5 25.c5 dxc5 26.d6 Qc6 27.bxc5 Nd3 28.Rfd1 
Nge5 29.Nd4 Qd5 30.Nb5 Qxc5 31.Nc7 Rab8 32.Ne6 Qxd6 33.Nxf8+ Qxf8 34.Rb5 
a6 35.Rd5 Qg8 36.Qa2 Nb4 37.Qa5 Nxd5 38.Rxd5 b6 39.Qd2 Nc4 40.Qd1 Nb2 41.
Qd2 Nd3 42.Rd6 Qf8 43.Rc6 a5 44.Rc7 Qd6 45.Qc3 Ne5 46.Kg2 Kh8 47.Ra7 Bf6 
48.Qc1 Bg7 49.Qc3 Rg8 50.Qe3 Nd3 51.Bf7 Bd4 52.Qd2 Rxg3+ 53.fxg3 Ne5 54.
Bd5 Nf3 55.Qc1 Be5 56.Qc8+ 1-0

[Event "XXI Memorial Edoardo Crespi FIDE"]
[Site "Milano ITA"]
[Date "2000.12.06"]
[Round "3"]
[White "Foisor, Cristina-Adela"]
[Black "Qendro, Llambi"]
[Result "1/2-1/2"]
[WhiteElo "2386"]
[BlackElo "2357"]
[PlyCount "158"]
[EventDate "2000.12.04"]

1.Nf3 g6 2.g3 Bg7 3.d4 d6 4.Bg2 c6 5.O-O Bg4 6.Nbd2 Nf6 7.a4 O-O 8.Re1 Qc7
9.h3 Bxf3 10.Nxf3 e5 11.e4 Nbd7 12.c3 Rfe8 13.dxe5 dxe5 14.a5 Nc5 15.Qc2 
Red8 16.Bf1 Rd7 17.b4 Ne6 18.Bc4 c5 19.b5 Nf8 20.Be3 Rad8 21.Kg2 h6 22.Re2
g5 23.b6 axb6 24.axb6 Qxb6 25.Nxe5 Re7 26.f4 gxf4 27.Rb1 Qc7 28.gxf4 Nh5 
29.Nxf7 Rxf7 30.e5 Kh8 31.Bxf7 Qxf7 32.Qe4 Qg6+ 33.Qxg6 Nxg6 34.Rf2 Rd3 
35.Kf3 Rxc3 36.Kg4 Rxe3 37.Kxh5 Kh7 38.Kg4 h5+ 39.Kxh5 Rxh3+ 40.Kg4 Rh4+ 
41.Kf5 Rh5+ 42.Ke4 Nxe5 43.fxe5 Rxe5+ 44.Kd3 b5 45.Rxb5 c4+ 46.Kxc4 Rxb5 
47.Kxb5 Kg6 48.Kc4 Ba1 49.Kd5 Kg5 50.Ke4 Kg6 51.Rf5 Bf6 52.Kf4 Kf7 53.Rd5 
Ke7 54.Ke4 Ba1 55.Rb5 Bc3 56.Kd5 Kf6 57.Kd6 Kf7 58.Rb7+ Kf8 59.Ke6 Ba1 60.
Rf7+ Kg8 61.Ke7 Bb2 62.Rf2 Bc3 63.Kd6 Kg7 64.Rg2+ Kf8 65.Rg3 Bb2 66.Rb3 
Ba1 67.Rb8+ Kg7 68.Rb7+ Kg8 69.Ke7 Bc3 70.Rb2 Kg7 71.Rg2+ Kh6 72.Ke6 Ba1 
73.Kf5 Bc3 74.Rg6+ Kh7 75.Kg5 Bb2 76.Kh5 Bc3 77.Rc6 Bb2 78.Kg5 Kg7 79.Kf5 
Ba1 1/2-1/2

[Event "XXI Memorial Edoardo Crespi FIDE"]
[Site "Milano ITA"]
[Date "2000.12.06"]
[Round "3"]
[White "Galli, Fabio"]
[Black "Barlocco, Carlo"]
[Result "1/2-1/2"]
[WhiteElo "2107"]
[BlackElo "2179"]
[PlyCount "111"]
[EventDate "2000.12.04"]

1.e4 e5 2.Nf3 Nc6 3.Bb5 Nf6 4.O-O Nxe4 5.Re1 Nd6 6.Nxe5 Nxe5 7.Rxe5+ Be7 
8.Bf1 O-O 9.d4 Bf6 10.Re1 Nf5 11.c3 d5 12.Bd3 Ne7 13.Bf4 g6 14.Qd2 Bf5 15.
Be5 Bxe5 16.Rxe5 Re8 17.Na3 Bxd3 18.Qxd3 Nf5 19.Rxe8+ Qxe8 20.Kf1 c6 21.
Re1 Qd8 22.Nb1 Qh4 23.Kg1 Qg5 24.Qd2 Qh4 25.Qe2 Qg5 26.Qd2 Qd8 27.Qc2 Qa5 
28.b4 Qc7 29.Nd2 a5 30.a3 axb4 31.axb4 Nd6 32.Nb3 Nb5 33.Ra1 Rxa1+ 34.Nxa1
Qe7 35.Qd2 Na3 36.Nb3 Qe4 37.f3 Qb1+ 38.Nc1 Nc4 39.Qe1 Qc2 40.Ne2 Kg7 41.
Ng3 h5 42.Nf1 Qd3 43.Kf2 g5 44.Ne3 Nb6 45.Nd1 Kg6 46.Qe2 Qf5 47.Ne3 Qb1 
48.g4 h4 49.Nf5 Nc4 50.Qe8 Qc2+ 51.Kg1 h3 52.Qg8+ Kf6 53.Qh8+ Ke6 54.Qe8+ 
Kf6 55.Qd8+ Kg6 56.Qg8+ 1/2-1/2